LEADER 00531nam 2200169z- 450 001 9910693883703321 035 $a(CKB)4970000000031502 035 $a(EXLCZ)994970000000031502 100 $a20240129c2001uuuu -u- - 101 0 $aeng 200 10$aFood stamp program : program integrity and participation challenges 210 $aWashington, D.C 517 $aFood Stamp Program 906 $aDOCUMENT 912 $a9910693883703321 996 $aFood stamp program : program integrity and participation challenges$93876845 997 $aUNINA